000 00494nam a2200169Ia 4500
008 090201s9999 xx 000 0 und d
010 _aKPL-64310
040 _bमराठी
041 _aमराठी
082 _a31531
_b64310
100 _aसुरुची पांडे
245 _aझेन
_cसुरुची पांडे
260 _c2004
_bग्रंथाली प्रकाशन
300 _a129
_bमोठा
600 _aझेन
942 _cBOOK
999 _c229983
_d229983